LEADER 01106nam a2200265 i 4500 001 000000156964 003 CaOOAMICUS 005 20210907140911.0 008 061219s1966 it u000 u ita u 013 $a134319 040 $aSeMil$bita 100 1 $aRothenstein, John.$0(OLS)http://semarc/name/61272 245 10$aFrancis Bacon /$c[SIR John Rothenstein]. 246 04$iTitolo in copertina:$aBacon 264 1$aMilano :$bFabbri,$c1966. 300 $a1 v., [16] p. di tav. :$bill. ;$c36 cm. 490 1 $aI maestri del colore : la piů grande collana d'arte del mondo ;$v189 600 14$aBacon, Francis <1909-1992>.$0(OLS)http://semarc/subject/50929 830 2$aI maestri del colore : la piů grande collana d'arte del mondo ;$v189.$0(OLS)http://semarc/title/2091 850 $aSeMil 852 $aSeMil$W1$xVenegono$y1$m5H XII 3/189$j108697$B108697$CSeMilBibl$Z2$F118264 $81 996 $6245$aFrancis Bacon$9(OLS)http://semarc/title/159132 996 $6246$aBacon$9(OLS)http://semarc/title/230168 996 $6264$aMilano :$bFabbri$9(OLS)http://semarc/publisher/30054 LEADER 01096nam a2200217 4500 001 000000341551 003 CaOOAMICUS 005 20200817145030.0 008 200817s1876 it 000 u ita r 040 $aSeMil$bita 100 11$aPütz, Wilhelm.$0(OLS)http://semarc/name/111937 245 00$aGuida allo studio della geografia comparata :$bad uso delle scuole classiche e tecniche /$cdi Guglielmo Pütz ; nuova versione con miglioramenti ed aggiunte ed una breve descrizione dell'Italia del prof. Amato Amati. 264 1$aMilano :$bGiovanni Gnocchi,$c1876. 300 $a276 p. ;$c18 cm 500 $aSul front.: Testo approvato dal Consiglio prov. scolastico di Milano 650 4$aGeografia comparata.$0(OLS)http://semarc/subject/49405 850 $aSeMil 852 $aSeMil$W1$xVenegono$y1$m3XG II 8 FA$j220732$B232554$CSeMilBibl$Z2$F232554 $8I 996 $6245$aGuida allo studio della geografia comparata :$bad uso delle scuole classiche e tecniche$9(OLS)http://semarc/title/430521 996 $6264$aMilano :$bGiovanni Gnocchi$9(OLS)http://semarc/publisher/59217